000 00667cam a22002293a 4500
001 2783
003 PGUSA
005 20140828083021.0
008 010801s2001||||xxu|||||s|||||000 1 eng d
040 _aPGUSA
_beng
042 _adc
050 4 _aPR
100 1 _aSabatini, Rafael,
_d1875-1950
245 1 4 _aThe Trampling of the Lilies
_h[electronic resource] /
_cRafael Sabatini
260 _bProject Gutenberg,
_c2001
506 _aPublic domain in the USA.
516 _aElectronic text
653 _aFrance -- History -- Revolution, 1789-1799 -- Fiction
830 0 _aProject Gutenberg
_v2783
856 4 0 _uhttp://www.gutenberg.org/ebooks/2783
942 _cEB
999 _c232115
_d232115